banner-ar

INSIDE ARCHITECTURE : (Record no. 954)

MARC details
000 -الفاتح
حقل البيانات ثابتة الطول 00570nam a2200205Ia 4500
008 - عناصر البيانات ثابتة الطول - معلومات عامة
حقل البيانات ثابتة الطول 140319s9999 xx 000 0 eng d
020 ## - الرقم الدولى المعيارى للكتب
الرقم الدولى المعيارى للكتاب 1564962784
040 ## - مصدر الفهرسة
وكالة الفهرسة الأصلية GCL /
وكالة النسخ GCL
082 04 - رقم تصنيف ديوى العشرى
رقم التصنيف 729
رقم المادة Z I
100 1# - المدخل الرئيسى - إسم شخصى
الإسم الشخصى ZEVON, SUSAN
245 10 - بيان العنوان
العنوان INSIDE ARCHITECTURE :
بقية العنوان INTERIORS BY ARCHITECTS /
بيان المسئوليه,etc ZEVON, SUSAN
260 ## - PUBLICATION, DISTRIBUTION, ETC. (IMPRINT)
تاريخ النشر أو التوزيع 1996
300 ## - الوصف المادى
التعداد 30 CM ؛
أبعاد الوعاء 192 P
650 04 - المدخل الاضافى بالموضوع-مصطلح موضوعى
مصطلح موضوعي ARCHITECTURE
650 04 - المدخل الاضافى بالموضوع-مصطلح موضوعى
مصطلح موضوعي DECORATIVE ARTS
650 04 - المدخل الاضافى بالموضوع-مصطلح موضوعى
مصطلح موضوعي INTERIOR DESIGN
650 04 - المدخل الاضافى بالموضوع-مصطلح موضوعى
مصطلح موضوعي DECORATION AND ORNAMENT
942 ## - عناصر المدخل الإضافي( كوها)
مصدر التصنيف او مخطط الترفيف Dewey Decimal Classification
Koha [default] item type كتاب
260 ## - PUBLICATION, DISTRIBUTION, ETC. (IMPRINT)
-- نيويورك :
-- ROCKPORT PUBLISHERS INC. ،
Holdings
حالة التراجع حالة الفقد حالة تلف ليس للاعارة المكان المؤقت الموقع الحالى تاريخ الاكتساب اجمالي اﻻعارات رقم الطلب الباركود تاريخ اخر مشاهدة تاريخ تفعيل السعر نوع وعاء كوها
        مكتبة القاهرة الكبرى مكتبة القاهرة الكبرى 03/26/2014   729\Z I 2365 03/26/2014 03/26/2014 كتاب

Powered By

EGPV